000 00545nam a2200193 i 4500
001 85886
003 ES-MaACL
005 20240301063052.0
007 t|
008 041202s1976 sp ||||1| spa d
100 0 _aKafka, Franz,
_d1883-1924
_967400
245 1 3 _aLa condena /
_cFranz Kafka ; [traductor: J.R. Wilcock].
250 _a[3ยช ed.].
260 _aMadrid :
_bAlianza,
_c[1976]
300 _a206 p. ;
_c18 cm.
700 1 _aWilcock, J.R.
_9116806
852 _aES-MaACL
_jE-10066
_bR.94448
999 _c85886
_d85886